Poker Hände - Statistiken

Allgemein
  • Dieses Quiz wurde 344 mal gespielt
  • Das Durchschnittsergebnis liegt bei 8 aus 10
Antwortstatistiken
Hände % Korrekt
Straße
96%
Flush
94%
Full House
92%
Paar
92%
Royal Flush
91%
Drilling
87%
Vierling
80%
Straight Flush
70%
High Card
69%
2 Paare
67%
Keine übereinstimmenden Quizze gefunden
Verteilung der Resultate
Anzahl Personen mit jedem Resultat
Perzentil nach korrekt beantworteten Fragen
Ihre Resultats-Entwicklung
Sie haben dieses Quiz noch nicht gespielt